|
|
|
|
| LEADER |
02001nam a22004333i 4500 |
| 001 |
EBC30750083 |
| 003 |
MiAaPQ |
| 005 |
20231204023231.0 |
| 006 |
m o d | |
| 007 |
cr cnu|||||||| |
| 008 |
231204s2023 xx o ||||0 eng d |
| 020 |
|
|
|a 9781805110576
|q (electronic bk.)
|
| 035 |
|
|
|a (MiAaPQ)EBC30750083
|
| 035 |
|
|
|a (Au-PeEL)EBL30750083
|
| 035 |
|
|
|a (OCoLC)1398182135
|
| 040 |
|
|
|a MiAaPQ
|b eng
|e rda
|e pn
|c MiAaPQ
|d MiAaPQ
|
| 100 |
1 |
|
|a van de Poel, Ibo.
|
| 245 |
1 |
0 |
|a Ethics of Socially Disruptive Technologies :
|b An Introduction.
|
| 250 |
|
|
|a 1st ed.
|
| 264 |
|
1 |
|a Cambridge, UK :
|b Open Book Publishers,
|c 2023.
|
| 264 |
|
4 |
|c Ã2023.
|
| 300 |
|
|
|a 1 online resource (188 pages)
|
| 336 |
|
|
|a text
|b txt
|2 rdacontent
|
| 337 |
|
|
|a computer
|b c
|2 rdamedia
|
| 338 |
|
|
|a online resource
|b cr
|2 rdacarrier
|
| 505 |
0 |
|
|a Intro -- List of abbreviations -- Contributor Biographies -- Acknowledgements -- Foreword -- 1. Introduction -- 2. Social Media and Democracy -- 3. Social Robots and Society -- 4. Climate Engineering and the Future of Justice -- 5. Ectogestative Technology and the Beginning of Life -- 6. Conceptual Disruption and the Ethics of Technology -- Glossary -- Index.
|
| 588 |
|
|
|a Description based on publisher supplied metadata and other sources.
|
| 590 |
|
|
|a Electronic reproduction. Ann Arbor, Michigan : ProQuest Ebook Central, 2023. Available via World Wide Web. Access may be limited to ProQuest Ebook Central affiliated libraries.
|
| 655 |
|
4 |
|a Electronic books.
|
| 700 |
1 |
|
|a Frank, Lily Eva.
|
| 700 |
1 |
|
|a Hermann, Julia.
|
| 700 |
1 |
|
|a Hopster, Jeroen.
|
| 700 |
1 |
|
|a Lenzi, Dominic.
|
| 700 |
1 |
|
|a Nyholm, Sven.
|
| 700 |
1 |
|
|a Taebi, Behnam.
|
| 700 |
1 |
|
|a Ziliotti, Elena.
|
| 776 |
0 |
8 |
|i Print version:
|a van de Poel, Ibo
|t Ethics of Socially Disruptive Technologies
|d Cambridge, UK : Open Book Publishers,c2023
|
| 797 |
2 |
|
|a ProQuest (Firm)
|
| 856 |
4 |
0 |
|u https://ebookcentral.proquest.com/lib/matrademy/detail.action?docID=30750083
|z Click to View
|